Electoral Districts of Yukon - Statistics

General Stats
  • This quiz has been taken 7 times
  • The average score is 9 of 19
Answer Stats
Answer % Correct
Kluane
80%
Klondike
60%
Mayo-Tatchun
60%
Porter Creek Centre
60%
Porter Creek North
60%
Porter Creek South
60%
Riverdale North
60%
Riverdale South
60%
Takhini-Kopper King
60%
Vuntut Gwitchin
60%
Whitehorse Centre
60%
Whitehorse West
60%
Lake Laberge
40%
Mountainview
40%
Watson Lake
40%
Copperbelt North
20%
Copperbelt South
20%
Mount Lorne-Southern Lakes
20%
Pelly-Nisutlin
20%
No matching quizzes found
Score Distribution
Percent of People with Each Score
Percentile by Number Answered
Your Score History
You have not taken this quiz